000 00487cam a22002054a 4500
005 20250605164252.0
008 250528s ||||||||||||||||||||||||d
035 _a21768
020 _a9780471470649
040 _aGR-AtMCL
_bgre
_dGR-AtMCL
_eAACR2
245 1 _aDATA MINING TECHNIQUES
250 _a2
260 _bWiley,
_c2004
300 _a643
700 1 _aBerry, Michael J.A
_97696
700 1 _aLinoff Gordon S.
_97697
942 _cBK
999 _c6827
_d6827